000 00478nam a2200169Ia 4500
008 140529s9999 xx 000 0 und d
020 _a9780415420747
050 _aPS 3563.O8749
_b.G698 2011
100 _aGoulimari, Pelagia.
245 _aToni Morrison /
_cPelagia Goulimari
260 _aNew York :
_bRoutledge,
_cc2011.
300 _a275 p. ;
_c22 cm.
500 _aIncludes bibliographical references and index.
521 _aGE
942 _kFOR
_cBK
999 _c117727
_d117727